000 00403nam a22001697a 4500
003 NUST - PNEC
005 20170116180840.0
008 150820b xxu||||| |||| 00| 0 eng d
020 _a-
040 _cLIBRARY
082 _a511 KAN
100 _95333
_aKandasamy, P.
245 _aMathematics for polytechnics
_cP. Kandasamy
260 _c1989
650 _95334
_aMathematics
_xME
942 _2ddc
_cBK
999 _c64389
_d64389